• 首页
  • 本馆介绍
  • 公告通知
  • 最新文献
  • 馆藏检索
  • 电子资源
  • 读者导购
  • 参考咨询
  • 我的图书馆
  • 登录
  • 详细信息显示
  • 放入我的书架
  • 预约/预借图书
  • 作者相关作品
  • 分类相关作品
  • 丛书相关作品
  • 出版社相关作品

书目信息

  • 表格格式
  • 工作单格式
  • 卡片格式
题名:
唐山皮影艺术及其历史文化研究
    
 
作者: 张墨瑶, , 李彦彬 著
分册:  
出版信息: 保定   河北大学出版社  2006
页数: 216页
开本: 23cm
丛书名: 河北民间艺术及历史文化研究系列丛书
单 册:
中图分类: J827
科图分类:
主题词: 皮影戏--pi ying xi--研究--河北省--唐山市
电子资源:
ISBN: 7-81097-138-7
000 00898nam 2200253 450
001 CAL 012006142110
005 20070718170738.53
010    @a7-81097-138-7@dCNY28.00
100    @a20061013d2006 ekmy0chiy50 ea
101 0  @achi
102    @aCN@b130000
105    @aa z 000yy
200 1  @a唐山皮影艺术及其历史文化研究@Atang shan pi ying yi shu ji qi li shi wen hua yan jiu@f张墨瑶, 李彦彬著
210    @a保定@c河北大学出版社@d2006
215    @a216页@c图@d23cm
225 2  @a河北民间艺术及历史文化研究系列丛书@Ahe bei min jian yi shu ji li shi wen hua yan jiu xi lie cong shu
300    @a河北省社科规划研究项目
410  0 @12001 @a河北民间艺术及历史文化研究系列丛书
606 0  @a皮影戏@Api ying xi@x研究@y河北省@y唐山市
690    @aJ827@v4
701  0 @a张墨瑶,@Azhang mo yao@f1942-@4著
701  0 @a李彦彬@Ali yan bin@4著
801  0 @aCN@bPFT@c20070718
905    @a10447@dJ827@e100
    
    唐山皮影艺术及其历史文化研究/张墨瑶, 李彦彬著.-保定:河北大学出版社,2006
    216页:图;23cm.-(河北民间艺术及历史文化研究系列丛书)
    河北省社科规划研究项目
    
    ISBN 7-81097-138-7:CNY28.00
    
●
相关链接 在E读中查询图书 在五车中查询图书 在当当中查询图书 在豆瓣中查询图书


正题名:唐山皮影艺术及其历史文化研究     索取号:J827/100         预约/预借

序号 登录号 条形码 馆藏地/架位号 状态 备注
1 0779754   207797543   第一样本阅览室/ [索取号:J827/100] 在馆    
2 0779755   207797552   第一借阅区/ [索取号:J827/100] 在馆    
3 0779756   207797561   第一借阅区/ [索取号:J827/100] 在馆    
4 0779757   207797570   第一借阅区/ [索取号:J827/100] 在馆    
5 0779758   207797589   第一借阅区/ [索取号:J827/100] 在馆    
6 0779759   207797598   第一借阅区/ [索取号:J827/100] 在馆    
7 0779760   207797605   第一借阅区/ [索取号:J827/100] 在馆    
8 0779761   207797614   第一借阅区/ [索取号:J827/100] 在馆    
9 0779762   207797623   第一借阅区/ [索取号:J827/100] 在馆    
10 0779763   207797632   第一借阅区/ [索取号:J827/100] 在馆    
唐山师范学院图书馆 欢迎您!
大连网信软件有限公司© 版权所有